000 00415cam a2200181 4500
001 D5256
008 090401t1981 xxu||||| |||| 00| 0 eng d
035 _a(Sirsi) u42253
041 _aeng
050 _a690
100 _aGrundy, J.T.
245 _aConstruction technology volume 3
260 _aLondon
_bEdward Arnold
_c1981
300 _avi. 202p. 22cm
350 _a4.5
942 _n0
948 _c04/03/1997
999 _c91053
_d91053